Les six codes, collationnés sur le texte original, précédés de la charte constitutionnelle, de ses lois organiques, et des lois sur l'organisation judiciaire ; acompagnés du texte annoté des lois, décrets et ordonnances qui ont abrogé ou modifié plusieurs de leurs dispositions, et de l'indication de leurs articles corrélatifs ; suivis des Tárifs des frais et dépens en matiére civile et en matiére criminelle ; des Lois sur le Notariat, la Contrainte par corps et le Sacrilége, etc., etc. et d'une table des matières

Detalles Bibliográficos
Formato: Libro
Lenguaje:Undetermined
French
Publicado: Paris : Ladrange, libraire Alex Gobelet, libraire, 1829.
Materias:
Colección:Banco de datos
Acervo:Biblioteca Palafoxiana. Colección bibliográfica
Descripción Física:XLIX, 602 p.; 4°
Tema general:Derecho civil
Notas:Número de localización: 37810
LEADER 00987nam a2200157Ia 4500
008 150723s9999 xx 000 0 und d
041 0 |a fre 
050 0 |a PAFX K623 S5 
245 1 0 |a Les six codes, collationnés sur le texte original, précédés de la charte constitutionnelle, de ses lois organiques, et des lois sur l'organisation judiciaire ; acompagnés du texte annoté des lois, décrets et ordonnances qui ont abrogé ou modifié plusieurs de leurs dispositions, et de l'indication de leurs articles corrélatifs ; suivis des Tárifs des frais et dépens en matiére civile et en matiére criminelle ; des Lois sur le Notariat, la Contrainte par corps et le Sacrilége, etc., etc. et d'une table des matières 
260 |a Paris : Ladrange, libraire Alex Gobelet, libraire, 1829. 
300 |a XLIX, 602 p.; 4° 
500 |a Número de localización: 37810 
650 1 0 |a Derecho civil 
942 |c PALALIB 
943 |g Biblioteca Palafoxiana. Colección bibliográfica 
999 |c 1061984  |d 1061984